000 01086nam a2200301Ia 4500
005 20220317001021.0
008 160825s2007 ck a g 000 0 spa
020 _a97895830052012
100 1 _aVasco, Irene
_d1952-
245 1 0 _aConjuros y sortilegios
_cIrene Vasco ; ilustrado por Juanita Isaza
250 _a1a. edición
_b4a. reimpresión
300 _a29 páginas
_bilustraciones en color
_c23 cm
490 _aOA Infantil
521 _aRecomendado para un público infantil mayor de 3 años
650 1 4 _2LEMB
_aPoesía infantil colombiana
_xSiglo XX
650 1 4 _2LEMB
_aLiteratura infantil colombiana
_ySiglo XX
650 1 4 _2LEMB
_aHistorias de aventuras
650 1 4 _2LEMB
_aMagía en la literatura
650 1 4 _2LEMB
_aBrujería en la literatura
700 1 _aIsaza Merchan, Juanita
_eilustrador
_964444
942 _2loc
_cBKINF
264 _aBogotá
_bPanamericana
_c2007
336 _atexto
_btxt
_2rdacontent
337 _asin mediación
_bn
_2rdamedia
338 _avolumen
_bnc
_2rdacarrier
040 _aCO-BoRNBP
_bspa
_erda
_cCO-BoRNBP
084 _aP VAS1
999 _c5682
_d5682